Vista normal
Vista MARC
- De La Roca De La Vega, Marco Tulio
Entrada Nombre personal
Número de registros utilizados en: 1
001 - NÚMERO DE CONTROL
- campo de control: 14234
003 - IDENTIFICADOR DE NÚMERO DE CONTROL
- campo de control: gtgcusco
005 - FECHA Y HORA DE LA ÚLTIMA TRANSACCIÓN
- campo de control: 20250730080713.0
008 - ELEMENTOS DE DATO DE LONGITUD-FIJA
- campo de control de longitud fija: 250730|| aca||aabn | a|a d
040 ## - FUENTE DE CATALOGACIÓN
- Centro catalogador/agencia de origen: gtgcusco
- Centro/agencia transcriptor: gtgcusco
100 ## - ENCABEZAMIENTO-NOMBRE DE PERSONA
- Nombre de persona: De La Roca De La Vega, Marco Tulio
670 ## - FUENTE DE DATOS ENCONTRADOS
- Cita de la fuente: Work cat.: (gtgcusco)5980: De La Roca De La Vega, Marco Tulio, Evaluación del papel de la Odontología forense en casos de necroidentificación en casos de estimación de edad en personas vivas y en casos de agresión física en el Departamento de Medicina Forense del Ministrio Público, 1995. /, 1996

